[Event "POL-chT13 DMP 2 liga corr"]
[Site "Poland"]
[Date "2001.??.??"]
[Round "?"]
[White "Radziejowski, Adam"]
[Black "Zygalski, Adam"]
[Result "1-0"]
[WhiteElo "2040"]
[BlackElo "2000"]
[PlyCount "89"]
[EventDate "2000.??.??"]
[EventType "team (corr)"]
[EventRounds "14"]
[EventCountry "POL"]
[SourceTitle "Corr 2004"]
[Source "ChessBase"]
[SourceDate "2003.04.28"]
[SourceVersion "3"]
[SourceVersionDate "2003.04.28"]
[SourceQuality "1"]

1. e4 e6 2. d4 d5 3. e5 c5 4. c3 Qb6 5. Nf3 Bd7 6. Be2 Nc6 7. 0-0 cxd4 8. cxd4 Nge7 9. Na3 Nf5 10. Nc2 g6 11. b3 Rc8 12. g4 Nh6 13. h3 Ng8 14. Kg2 h5 15. g5 Nge7 16. Ba3 Nf5 17. Bxf8 Rxf8 18. Rc1 Qa5 19. a4 Nce7 20. Ne3 Nxe3+ 21. fxe3 Rxc1 22. Qxc1 Nf5 23. Kf2 Qb4 24. Qb1 Ke7 25. Rc1 Rc8 26. Rxc8 Bxc8 27. Qc2 Kd8 28. Bd3 Ne7 29. h4 Nc6 30. Bf1 Na5 31. Qd2 Nc6 32. Qxb4 Nxb4 33. Ne1 Kc7 34. Nd3 Nc6 35. Nf4 b6 36. Bd3 Nb4 37. Bxg6 fxg6 38. Nxg6 Nc6 39. Nf4 Ne7 40. Nxh5 Ng6 41. Nf4 Nxh4 42. g6 Nf5 43. Nh5 Kd8 44. g7 Ne7 45. Nf6 1-0

[Event "POL-chT13 DMP 2 liga corr"]
[Site "Poland"]
[Date "2000.??.??"]
[Round "?"]
[White "Stachowiak, January"]
[Black "Zygalski, Adam"]
[Result "1/2-1/2"]
[WhiteElo "2088"]
[BlackElo "2000"]
[PlyCount "95"]
[EventDate "2000.??.??"]
[EventType "team (corr)"]
[EventRounds "14"]
[EventCountry "POL"]
[SourceTitle "Corr 2004"]
[Source "ChessBase"]
[SourceDate "2003.04.28"]
[SourceVersion "3"]
[SourceVersionDate "2003.04.28"]
[SourceQuality "1"]

1. f4 d5 2. e3 e6 3. Nf3 Nf6 4. b3 Be7 5. Bb2 Nbd7 6. Bd3 0-0 7. 0-0 Nc5 8. Be2 Ncd7 9. c4 b6 10. Qc2 Bb7 11. Nc3 g6 12. cxd5 Nxd5 13. Nxd5 Bxd5 14. e4 Bb7 15. Rac1 Qb8 16. Bb5 c6 17. Be2 Qd6 18. Kh1 Qc5 19. Bc4 b5 20. Qc3 Bf6 21. e5 Be7 22. d4 Qb4 23. Bd3 Qxc3 24. Bxc3 a5 25. a4 bxa4 26. bxa4 Bb4 27. Bxb4 axb4 28. Rb1 Rxa4 29. Bc2 Ra7 30. Rxb4 c5 31. dxc5 Bxf3 32. Rxf3 Ra1+ 33. Rb1 Rxb1+ 34. Bxb1 Nxc5 35. Kg1 Ra8 36. Rc3 Ra1 37. Rxc5 Rxb1+ 38. Kf2 Rb2+ 39. Kf3 h6 40. Rc7 g5 41. fxg5 hxg5 42. h3 Rb5 43. Ke4 Rb2 44. Kf3 Rd2 45. Rc4 Kg7 46. Rg4 Kh6 47. h4 gxh4 48. Rxh4+ 1/2-1/2